[Event "Col Ch "]
[Site "Ibague "]
[Date "2013.07.01"]
[Round "1.13"]
[White "Lopez Hernandez, Carlos Manuel"]
[Black "Guerrero Forero, Ricardo Alon"]
[Result "1-0"]
[WhiteElo "2320"]
[BlackElo "2208"]
[PlyCount "91"]
[EventDate "2013.07.01"]
[EventType "swiss"]
[EventRounds "11"]
[EventCountry "COL"]
[SourceDate "2005.09.12"]

1. Nf3 Nf6 2. c4 g6 3. Nc3 d6 4. e4 Bg7 5. d4 O-O 6. Be2 c5 7. O-O b6 8. e5
Nfd7 9. e6 fxe6 10. Ng5 Bb7 11. Nxe6 Qc8 12. Nxf8 Nxf8 13. Bg4 Nbd7 14. d5 Qd8
15. Be3 Ne5 16. Be2 Ba6 17. Qb3 Bc8 18. h3 a6 19. a4 Rb8 20. Qd1 Bd7 21. Qd2
Nf7 22. Rab1 a5 23. Nb5 Rb7 24. Rbd1 Qc8 25. Rfe1 Qd8 26. b3 Bc8 27. Bg4 h6 28.
Be6 Nxe6 29. dxe6 Bxe6 30. Bxc5 dxc5 31. Rxe6 Qxd2 32. Rxd2 Bf6 33. Rc6 Kg7 34.
Rc8 Be5 35. Kf1 g5 36. Rd5 Kf6 37. Rf8 e6 38. Rd3 Ke7 39. Rg8 Kf6 40. g3 Ke7
41. Ke2 Kf6 42. Rf3+ Ke7 43. Rg6 Rd7 44. Re3 Bf6 45. Nc3 Bxc3 46. Rgxe6+ 1-0

[Event "Col Ch "]
[Site "Ibague "]
[Date "2013.07.01"]
[Round "1.14"]
[White "Saladen, Rafael"]
[Black "Chavarro, Hugo"]
[Result "1-0"]
[WhiteElo "2207"]
[BlackElo "2296"]
[PlyCount "73"]
[EventDate "2013.07.01"]
[EventType "swiss"]
[EventRounds "11"]
[EventCountry "COL"]
[SourceDate "2005.09.12"]

1. e4 c5 2. Nf3 d6 3. d4 cxd4 4. Nxd4 Nf6 5. Nc3 e6 6. Be3 Be7 7. f3 O-O 8. Qd2
Nc6 9. O-O-O d5 10. exd5 Nxd5 11. Nxd5 Qxd5 12. Nb3 Qxd2+ 13. Rxd2 Rd8 14. Nc5
Rxd2 15. Kxd2 b6 16. Bb5 Ne5 17. Nd3 Nxd3 18. Bxd3 Bb7 19. c4 Rd8 20. Ke2 Kf8
21. Rc1 Bc5 22. Bxc5+ bxc5 23. Rc3 Rd6 24. Ra3 Ra6 25. Rxa6 Bxa6 26. a3 h6 27.
b4 Ke7 28. b5 Bb7 29. Be4 Bc8 30. a4 f5 31. Ba8 Kd6 32. f4 Kc7 33. a5 Bb7 34.
Bxb7 Kxb7 35. a6+ Kb6 36. h4 g6 37. h5 1-0

[Event "Col Ch "]
[Site "Ibague "]
[Date "2013.07.01"]
[Round "1.15"]
[White "Tovio, Israel"]
[Black "Gutierrez, Ramon"]
[Result "1-0"]
[WhiteElo "2291"]
[BlackElo "2207"]
[PlyCount "73"]
[EventDate "2013.07.01"]
[EventType "swiss"]
[EventRounds "11"]
[EventCountry "COL"]
[SourceDate "2005.09.12"]

1. e4 c5 2. Nf3 d6 3. c3 Nf6 4. h3 Nc6 5. Bd3 e5 6. Bc2 Be7 7. O-O O-O 8. d4
Qc7 9. d5 Nb8 10. Nbd2 Ne8 11. Nc4 Nd7 12. a4 Ndf6 13. Nh2 g6 14. f4 exf4 15.
Bxf4 Nh5 16. Bh6 Nhg7 17. Ng4 f6 18. Bf4 b6 19. Bd3 Bd7 20. Bh2 Rd8 21. Qf3 Kh8
22. Nh6 Bc8 23. e5 dxe5 24. Nxe5 Bd6 25. Rae1 f5 26. Qf4 Nf6 27. Qh4 Ngh5 28.
g4 Qg7 29. Qg5 c4 30. Bxc4 Bc5+ 31. Kh1 Bb7 32. gxh5 Rxd5 33. Bxd5 Bxd5+ 34.
Nf3 Ne4 35. Rxe4 Bxe4 36. hxg6 hxg6 37. Qh4 1-0

[Event "Col Ch "]
[Site "Ibague "]
[Date "2013.07.01"]
[Round "1.16"]
[White "Munoz, Julian Andres"]
[Black "Mateus, Alejandro"]
[Result "1-0"]
[WhiteElo "2207"]
[BlackElo "2289"]
[PlyCount "85"]
[EventDate "2013.07.01"]
[EventType "swiss"]
[EventRounds "11"]
[EventCountry "COL"]
[SourceDate "2005.09.12"]

1. e4 c5 2. Nf3 d6 3. d4 cxd4 4. Nxd4 Nf6 5. Nc3 a6 6. Bc4 e6 7. O-O Be7 8. Bb3
O-O 9. f4 b5 10. e5 dxe5 11. fxe5 Nfd7 12. Qh5 Bc5 13. Be3 Qb6 14. Nce2 Nc6 15.
c3 Ndxe5 16. Bc2 f5 17. b4 Bxd4 18. Nxd4 Nxd4 19. Bxd4 Qc7 20. Rae1 Nc4 21. Bc5
Qf7 22. Qe2 Rd8 23. Bd3 Bb7 24. Bxc4 bxc4 25. Qxc4 Rd2 26. Rf2 Bd5 27. Qf4 Rxa2
28. Rxa2 Bxa2 29. Ra1 Bd5 30. Rxa6 Qb7 31. Rxa8+ Qxa8 32. Qf1 Qa2 33. Bd4 h6
34. h3 Qb3 35. Qe1 Qc2 36. Qg3 g5 37. Qb8+ Kf7 38. Qc7+ Ke8 39. Qc8+ Ke7 40.
Bc5+ Kf6 41. Qh8+ Kf7 42. Qh7+ Kf6 43. Qxh6+ 1-0

[Event "Col Ch "]
[Site "Ibague "]
[Date "2013.07.01"]
[Round "1.17"]
[White "Agudelo, Antonio"]
[Black "Herrera, Juan Sebastian"]
[Result "0-1"]
[WhiteElo "2275"]
[BlackElo "2205"]
[PlyCount "114"]
[EventDate "2013.07.01"]
[EventType "swiss"]
[EventRounds "11"]
[EventCountry "COL"]
[SourceDate "2005.09.12"]

1. Nf3 d5 2. g3 Nf6 3. Bg2 c6 4. O-O Bg4 5. d3 Nbd7 6. Nbd2 e6 7. e4 dxe4 8.
dxe4 Qc7 9. Qe2 e5 10. h3 Bxf3 11. Bxf3 Bc5 12. a4 a5 13. Nc4 Nf8 14. Be3 Bxe3
15. Qxe3 Ne6 16. Qa3 c5 17. c3 O-O 18. Bg2 Rfd8 19. Rfe1 Rd3 20. Rad1 Rad8 21.
Rxd3 Rxd3 22. Bf1 Rd8 23. Qb3 Ne8 24. Ne3 Ng5 25. Bg2 Nd6 26. h4 c4 27. Qd1 Ne6
28. Nd5 Qb8 29. Qg4 Kh8 30. Qh5 Nc5 31. Qe2 Nxa4 32. Ra1 b5 33. Ne7 Qc7 34. Nd5
Qc6 35. Kh2 Nb7 36. h5 Nac5 37. Bf3 Nd3 38. Kg2 Qh6 39. Ne3 Qg5 40. Kf1 a4 41.
Nd5 Nbc5 42. Rb1 Nc1 43. Qe3 Qxe3 44. Nxe3 N5b3 45. Kg2 Rd2 46. Nf1 Rd8 47. h6
gxh6 48. Ne3 Rd2 49. Nf1 Rxb2 50. Rxb2 a3 51. Rc2 a2 52. Rxa2 Nxa2 53. Ne3 Nxc3
54. Ng4 Nd2 55. Nxe5 b4 56. Nxf7+ Kg7 57. Nd6 b3 0-1

[Event "Col Ch "]
[Site "Ibague "]
[Date "2013.07.01"]
[Round "1.19"]
[White "Castaneda, Jorge Luis"]
[Black "Corredor Rengifo, Luis Fernand"]
[Result "0-1"]
[WhiteElo "2199"]
[BlackElo "1952"]
[PlyCount "110"]
[EventDate "2013.07.01"]
[EventType "swiss"]
[EventRounds "11"]
[EventCountry "COL"]
[SourceDate "2005.09.12"]

1. d4 d5 2. Nf3 Nf6 3. e3 e6 4. Bd3 c5 5. c3 Nc6 6. Nbd2 Bd6 7. O-O O-O 8. dxc5
Bxc5 9. e4 e5 10. Qe2 Bg4 11. exd5 Qxd5 12. Ne4 Nxe4 13. Bxe4 Qe6 14. h3 Bxf3
15. Qxf3 Rad8 16. Be3 Bxe3 17. Qxe3 f5 18. Bxc6 bxc6 19. Rfe1 e4 20. f3 Qg6 21.
Rad1 exf3 22. Qxf3 Rxd1 23. Rxd1 Qe6 24. b3 Re8 25. Qf2 Qe2 26. Qxe2 Rxe2 27.
Rd8+ Kf7 28. Rd7+ Re7 29. Rd4 Kf6 30. Kf2 Ke5 31. Ke3 g5 32. Kd3 h5 33. h4 g4
34. b4 c5 35. bxc5 Rc7 36. Kc4 f4 37. Rd5+ Ke4 38. Rxh5 f3 39. gxf3+ gxf3 40.
Rd5 f2 41. Rd1 Kf3 42. h5 Ke2 43. Rc1 f1=Q 44. Rxf1 Kxf1 45. Kd5 Rh7 46. c6
Rxh5+ 47. Kd6 Ke2 48. c7 Rh8 49. Kd7 Kd3 50. c8=Q Rxc8 51. Kxc8 Kxc3 52. Kb7 a5
53. Kb6 a4 54. a3 Kb3 55. Kb5 Kxa3 0-1

[Event "Col Ch "]
[Site "Ibague "]
[Date "2013.07.01"]
[Round "1.22"]
[White "Ospina Ortiz, Oscar Alexander"]
[Black "Barros, Raul Junior"]
[Result "0-1"]
[WhiteElo "1943"]
[BlackElo "2180"]
[PlyCount "82"]
[EventDate "2013.07.01"]
[EventType "swiss"]
[EventRounds "11"]
[EventCountry "COL"]
[SourceDate "2005.09.12"]

1. d4 Nf6 2. c4 g6 3. Nc3 Bg7 4. Nf3 O-O 5. Bg5 d6 6. e3 Nbd7 7. Be2 c6 8. O-O
Qc7 9. Qc2 a5 10. a4 e5 11. Rac1 Re8 12. Rfd1 exd4 13. Nxd4 Nc5 14. Bf3 Ng4 15.
Ndb5 cxb5 16. Nxb5 Qb8 17. Nxd6 Bd7 18. Bf4 Ne5 19. Nxe8 Bxa4 20. Bxe5 Bxe5 21.
Qd2 Bxd1 22. Rxd1 Qxe8 23. Qd5 Qe7 24. h4 Bc7 25. Qg5 Qxg5 26. hxg5 Rd8 27. Rb1
Rd2 28. b4 axb4 29. Rxb4 Rc2 30. Kf1 b6 31. Rb1 Rxc4 32. Bd5 Rc2 33. f4 Rd2 34.
Bf3 Rd3 35. Ke2 Rb3 36. Ra1 Rb2+ 37. Kf1 b5 38. Ra7 Bb6 39. Ra8+ Kg7 40. Rb8
Na4 41. e4 Be3 0-1

[Event "Col Ch "]
[Site "Ibague "]
[Date "2013.07.01"]
[Round "1.23"]
[White "Lotero, Faiber"]
[Black "Valderrama Quiceno, Esteban Al"]
[Result "1-0"]
[WhiteElo "2177"]
[BlackElo "1939"]
[PlyCount "89"]
[EventDate "2013.07.01"]
[EventType "swiss"]
[EventRounds "11"]
[EventCountry "COL"]
[SourceDate "2005.09.12"]

1. e4 d6 2. d4 g6 3. c4 Bg7 4. Nc3 Nf6 5. f3 O-O 6. Be3 Nc6 7. Qd2 e5 8. Nge2
exd4 9. Nxd4 Nxd4 10. Bxd4 Be6 11. Be2 c6 12. O-O Qa5 13. Rad1 Rfd8 14. Kh1 Ne8
15. f4 f5 16. exf5 gxf5 17. Rf3 Qc7 18. Rg3 Qf7 19. Re1 Nf6 20. Qd1 Kh8 21. b3
c5 22. Bxf6 Qxf6 23. Nd5 Bxd5 24. Qxd5 Re8 25. Qxb7 Rab8 26. Qc7 Qb2 27. Bf1
Bd4 28. Rh3 Bg7 29. Rhe3 Rf8 30. Re7 Rbc8 31. Qxd6 a5 32. Qd5 Qf2 33. Qb7 Rb8
34. Qc7 Rbc8 35. Qxa5 Bd4 36. Bd3 Rg8 37. R7e2 Qxf4 38. Qa7 Rc6 39. h3 Rh6 40.
Qb7 Qg4 41. Qd5 Rxh3+ 42. gxh3 Qxh3+ 43. Rh2 Qg3 44. Rxh7+ Kxh7 45. Qxf5+ 1-0

[Event "Col Ch "]
[Site "Ibague "]
[Date "2013.07.01"]
[Round "1.24"]
[White "Palacio, Pablo Persi"]
[Black "Diaz, Jaime Walter"]
[Result "1/2-1/2"]
[WhiteElo "1931"]
[BlackElo "2175"]
[PlyCount "81"]
[EventDate "2013.07.01"]
[EventType "swiss"]
[EventRounds "11"]
[EventCountry "COL"]
[SourceDate "2005.09.12"]

1. d4 Nf6 2. Nf3 g6 3. h3 d6 4. Bf4 Bg7 5. e3 O-O 6. Nbd2 Nbd7 7. Be2 Re8 8.
O-O e5 9. dxe5 dxe5 10. Bh2 e4 11. Nd4 Ne5 12. Nc4 Nfd7 13. c3 Qe7 14. Qc2 f5
15. Rad1 h5 16. Rd2 Qf7 17. b3 Kh7 18. Rfd1 a6 19. a4 h4 20. Nxe5 Nxe5 21. f4
exf3 22. Bxf3 c5 23. Bxe5 Rxe5 24. Ne2 Be6 25. c4 Rxe3 26. Rd3 Rxd3 27. Qxd3
Bf6 28. Nf4 Rd8 29. Qe2 Rxd1+ 30. Qxd1 Bd4+ 31. Kh1 Bc8 32. Qe1 g5 33. Bd5 Qf6
34. Ne6 Bxe6 35. Qxe6 Qxe6 36. Bxe6 Kg6 37. a5 Bc3 38. Bc8 Bxa5 39. Bxb7 Be1
40. Kg1 a5 41. Kf1 1/2-1/2

[Event "Col Ch "]
[Site "Ibague "]
[Date "2013.07.01"]
[Round "1.28"]
[White "Marin, Alejandro"]
[Black "Castro, Alexander"]
[Result "1/2-1/2"]
[WhiteElo "1923"]
[BlackElo "2142"]
[PlyCount "49"]
[EventDate "2013.07.01"]
[EventType "swiss"]
[EventRounds "11"]
[EventCountry "COL"]
[SourceDate "2005.09.12"]

1. e4 d6 2. d4 Nf6 3. Nc3 g6 4. f3 c6 5. Be3 b5 6. Qd2 Nbd7 7. d5 cxd5 8. Nxd5
Bg7 9. Nxf6+ Bxf6 10. Bd4 O-O 11. Bxf6 Nxf6 12. O-O-O Be6 13. Bxb5 Qb6 14. Ba4
Rfc8 15. Qd4 Qa5 16. Bb3 Bxb3 17. axb3 Rab8 18. Kb1 Rb4 19. Qd3 Rb6 20. Ne2 Ra6
21. c3 Nd7 22. Qd5 Nc5 23. Nc1 Qa1+ 24. Kc2 e6 25. Qd4 1/2-1/2

[Event "Col Ch "]
[Site "Ibague "]
[Date "2013.07.01"]
[Round "1.29"]
[White "Cespedes, Jaime"]
[Black "Parra, Diego Alexander"]
[Result "1/2-1/2"]
[WhiteElo "2138"]
[BlackElo "1922"]
[PlyCount "64"]
[EventDate "2013.07.01"]
[EventType "swiss"]
[EventRounds "11"]
[EventCountry "COL"]
[SourceDate "2005.09.12"]

1. e4 c5 2. Nc3 Nc6 3. g3 g6 4. Bg2 Bg7 5. d3 e6 6. Be3 Nd4 7. f4 Ne7 8. Nce2
d5 9. c3 Nxe2 10. Nxe2 Qa5 11. O-O Bd7 12. f5 gxf5 13. Nf4 d4 14. Nh5 Be5 15.
Bf4 c4 16. b4 cxb3 17. axb3 Qc7 18. Nf6+ Kd8 19. Bxe5 Qxe5 20. Nxd7 Kxd7 21.
exf5 Nxf5 22. Bxb7 Qe3+ 23. Kh1 Rab8 24. Rxa7 dxc3 25. Qa1 Kd8 26. Qa5+ Ke8 27.
Ra8 Kd7 28. Qb5+ Ke7 29. Qb4+ Kd7 30. Qa4+ Ke7 31. Ra7 Kf8 32. Bg2 Qc5 1/2-1/2

[Event "Col Ch "]
[Site "Ibague "]
[Date "2013.07.01"]
[Round "1.31"]
[White "Rengifo, Jose Ignacio"]
[Black "Aponte, Juan Camilo"]
[Result "1-0"]
[WhiteElo "2133"]
[BlackElo "1909"]
[PlyCount "99"]
[EventDate "2013.07.01"]
[EventType "swiss"]
[EventRounds "11"]
[EventCountry "COL"]
[SourceDate "2005.09.12"]

1. e4 e5 2. Nf3 Nc6 3. Bb5 f5 4. d4 fxe4 5. Nxe5 Nxe5 6. dxe5 c6 7. Bc4 d5 8.
exd6 Qxd6 9. O-O Nf6 10. Bg5 Ng4 11. Qxd6 Bxd6 12. h3 h6 13. Bd2 Ne5 14. Bb3
Bf5 15. Be3 a5 16. Nc3 O-O-O 17. a4 Kc7 18. Rfd1 Bb4 19. Ne2 Rxd1+ 20. Rxd1 Rd8
21. Bb6+ Kxb6 22. Rxd8 Kc7 23. Rg8 g6 24. g4 Bd7 25. Ng3 e3 26. fxe3 Bd2 27.
Kf2 Bc1 28. Ne2 Bxb2 29. Nf4 g5 30. Nd3 Bc3 31. Nxe5 Bxe5 32. Rg6 b5 33. Rxh6
Bd6 34. Rh7 Kd8 35. Kf3 c5 36. axb5 Bxb5 37. Ke4 Bc6+ 38. Bd5 Ba4 39. Kd3 Bd7
40. Rg7 Be7 41. Rg8+ Kc7 42. Ra8 Kb6 43. e4 a4 44. Rb8+ Kc7 45. Rb7+ Kd8 46. e5
Kc8 47. Kc4 Bf8 48. Ra7 Be8 49. Ra8+ Kd7 50. Bc6+ 1-0

[Event "Col Ch "]
[Site "Ibague "]
[Date "2013.07.01"]
[Round "1.35"]
[White "Cifuentes, Jhon Jairo"]
[Black "Osorio, Alejandro"]
[Result "1/2-1/2"]
[WhiteElo "2120"]
[BlackElo "1883"]
[PlyCount "52"]
[EventDate "2013.07.01"]
[EventType "swiss"]
[EventRounds "11"]
[EventCountry "COL"]
[SourceDate "2005.09.12"]

1. e4 c5 2. Nf3 Nc6 3. Bb5 d6 4. d4 cxd4 5. Nxd4 Bd7 6. O-O Nf6 7. Nc3 g6 8.
Nxc6 Bxc6 9. Qe2 Bg7 10. Be3 O-O 11. Bxc6 bxc6 12. Rad1 Qa5 13. Bd4 Nh5 14. Qd2
Bxd4 15. Qxd4 Rab8 16. b3 Nf4 17. g3 Qxc3 18. gxf4 Qxd4 19. Rxd4 Rb5 20. Ra4 a5
21. Rc4 Rc8 22. a4 Rh5 23. Kg2 Kf8 24. Re1 c5 25. Rd1 Ke8 26. e5 Rc6 1/2-1/2

[Event "Col Ch "]
[Site "Ibague "]
[Date "2013.07.01"]
[Round "1.37"]
[White "Hernandez, Cristian Andres"]
[Black "Corpus Vanegas, Jair Samir"]
[Result "1-0"]
[WhiteElo "2113"]
[BlackElo "1881"]
[PlyCount "61"]
[EventDate "2013.07.01"]
[EventType "swiss"]
[EventRounds "11"]
[EventCountry "COL"]
[SourceDate "2005.09.12"]

1. e4 e5 2. Nf3 Nc6 3. Bb5 a6 4. Ba4 b5 5. Bb3 Be7 6. O-O Nf6 7. Re1 O-O 8. a4
Bb7 9. d3 d6 10. Nc3 Nd4 11. Nxd4 exd4 12. Ne2 c5 13. Ng3 Qd7 14. Nf5 d5 15.
exd5 Qxf5 16. Rxe7 Bxd5 17. Bxd5 Nxd5 18. Re4 Rfe8 19. axb5 Rxe4 20. dxe4 Qxe4
21. Rxa6 Rxa6 22. bxa6 Nb6 23. b3 Kf8 24. Ba3 Qe5 25. Kf1 Ke8 26. Qd3 c4 27.
bxc4 Kd8 28. c5 Na8 29. Qf3 Qb8 30. Qb7 Qc8 31. c6 1-0

[Event "Col Ch "]
[Site "Ibague "]
[Date "2013.07.01"]
[Round "1.41"]
[White "Suarez, Luis Humberto"]
[Black "Cadavid, Juan Miguel"]
[Result "1-0"]
[WhiteElo "2110"]
[BlackElo "1862"]
[PlyCount "43"]
[EventDate "2013.07.01"]
[EventType "swiss"]
[EventRounds "11"]
[EventCountry "COL"]
[SourceDate "2005.09.12"]

1. e4 c5 2. Nf3 e6 3. d4 cxd4 4. Nxd4 a6 5. c4 Nf6 6. Nc3 Qc7 7. Be2 Bb4 8. Qd3
b6 9. O-O Bb7 10. Bf3 Bd6 11. g3 Nc6 12. Ndb5 axb5 13. Nxb5 Qb8 14. Nxd6+ Ke7
15. Nxb7 Qxb7 16. e5 Ne8 17. Rd1 Rd8 18. Qa3+ d6 19. exd6+ Nxd6 20. Bf4 Qc7 21.
c5 bxc5 22. Qxc5 1-0

[Event "Col Ch "]
[Site "Ibague "]
[Date "2013.07.01"]
[Round "1.43"]
[White "Valdes, Nicolas"]
[Black "Gomez, Jorge Leonardo"]
[Result "1-0"]
[WhiteElo "2095"]
[BlackElo "1838"]
[PlyCount "97"]
[EventDate "2013.07.01"]
[EventType "swiss"]
[EventRounds "11"]
[EventCountry "COL"]
[SourceDate "2005.09.12"]

1. e4 c6 2. d4 d5 3. e5 Bf5 4. c3 e6 5. Nf3 c5 6. Be3 Nd7 7. Qa4 c4 8. b3 cxb3
9. axb3 Ne7 10. Bb5 a6 11. O-O Rc8 12. Bxd7+ Qxd7 13. Qxd7+ Kxd7 14. Rc1 Bxb1
15. Raxb1 b5 16. Ra1 Rc6 17. Ra2 Kc7 18. Ng5 f6 19. Nf7 Rg8 20. exf6 Ng6 21.
fxg7 Rxg7 22. Ne5 Nxe5 23. Bf4 Bd6 24. Bxe5 Bxe5 25. dxe5 Rg4 26. g3 b4 27. f3
Rg8 28. Rac2 bxc3 29. Rxc3 Rxc3 30. Rxc3+ Kd7 31. Kf2 Rb8 32. Ke3 Rb4 33. Rd3
h5 34. h4 Ke7 35. Kd2 Kf7 36. Kc3 a5 37. Rd4 Rb5 38. Rf4+ Kg6 39. Rf6+ Kg7 40.
Rxe6 d4+ 41. Kxd4 Rxb3 42. Ke4 a4 43. Ra6 a3 44. Kf4 Rb4+ 45. Kg5 Rb3 46. Ra7+
Kf8 47. f4 Rxg3+ 48. Kf6 Ke8 49. e6 1-0

[Event "Col Ch "]
[Site "Ibague "]
[Date "2013.07.01"]
[Round "1.44"]
[White "Huertas Botache, Alvaro Eduard"]
[Black "Gonzalez Parejo, Ramon Junior"]
[Result "0-1"]
[WhiteElo "1833"]
[BlackElo "2094"]
[PlyCount "87"]
[EventDate "2013.07.01"]
[EventType "swiss"]
[EventRounds "11"]
[EventCountry "COL"]
[SourceDate "2005.09.12"]

1. e4 c5 2. Nf3 g6 3. c3 Bg7 4. d4 cxd4 5. cxd4 d5 6. exd5 Nf6 7. Nc3 O-O 8.
Bb5 a6 9. Ba4 Nxd5 10. O-O b5 11. Bb3 Bb7 12. Re1 e6 13. Ne4 Nd7 14. Bg5 Qb6
15. Rc1 Rfc8 16. Qd2 N5f6 17. Nxf6+ Nxf6 18. Bxf6 Bxf6 19. Qf4 Kg7 20. Ne5 Rxc1
21. Rxc1 Rd8 22. Rd1 a5 23. Qe3 a4 24. Bc2 Qc7 25. Bd3 b4 26. f4 Qd6 27. Be4
Bd5 28. b3 axb3 29. axb3 Rc8 30. Bxd5 Qxd5 31. Nc4 Ra8 32. Qd2 Qe4 33. Re1 Qb7
34. Ne5 Ra3 35. Qc2 Qd5 36. Qc4 Rxb3 37. Qxd5 exd5 38. Kf2 Rb2+ 39. Re2 Bxe5
40. fxe5 Rxe2+ 41. Kxe2 f5 42. exf6+ Kxf6 43. g3 Kf5 44. Ke3 0-1

[Event "Col Ch "]
[Site "Ibague "]
[Date "2013.07.01"]
[Round "1.46"]
[White "Arismendi Polanco, Efrain Stev"]
[Black "Nino, Juan Camilo"]
[Result "1-0"]
[WhiteElo "1805"]
[BlackElo "2093"]
[PlyCount "55"]
[EventDate "2013.07.01"]
[EventType "swiss"]
[EventRounds "11"]
[EventCountry "COL"]
[SourceDate "2005.09.12"]

1. e4 e6 2. d4 d5 3. Nd2 dxe4 4. Nxe4 Bd7 5. Nf3 Bc6 6. Bd3 Nd7 7. O-O Ngf6 8.
Nxf6+ Nxf6 9. Bf4 Bd6 10. Ne5 Bxe5 11. Bxe5 Nd7 12. Bg3 O-O 13. Qe2 Rc8 14. c3
Re8 15. f4 f5 16. Rfe1 Qf6 17. Qf2 Qf7 18. Bh4 b6 19. Re3 Bb7 20. Rae1 c5 21.
Bc4 Bd5 22. Bxd5 exd5 23. Re7 Rxe7 24. Rxe7 Qh5 25. Rxd7 Qd1+ 26. Qe1 Qg4 27.
Re7 h6 28. Qe6+ 1-0

[Event "Col Ch "]
[Site "Ibague "]
[Date "2013.07.01"]
[Round "1.49"]
[White "Soto, Christian Camilo"]
[Black "Gamboa, Jose Pompilio"]
[Result "1-0"]
[WhiteElo "2079"]
[BlackElo "1778"]
[PlyCount "71"]
[EventDate "2013.07.01"]
[EventType "swiss"]
[EventRounds "11"]
[EventCountry "COL"]
[SourceDate "2005.09.12"]

1. c4 e5 2. Nc3 Nf6 3. g3 Bc5 4. Bg2 O-O 5. e3 a6 6. Nge2 c6 7. O-O d5 8. d4
exd4 9. exd4 Be7 10. cxd5 cxd5 11. Nf4 Be6 12. Nxe6 fxe6 13. Qe2 Qd7 14. Re1
Nc6 15. Qxe6+ Qxe6 16. Rxe6 Kf7 17. Re1 Bb4 18. Be3 Rad8 19. Rad1 b5 20. Rc1
Na5 21. a3 Be7 22. Bg5 b4 23. Nxd5 Nxd5 24. Bxd5+ Rxd5 25. Bxe7 Re8 26. Bxb4
Rxe1+ 27. Bxe1 Nb3 28. Rc7+ Kg8 29. Bc3 Nxd4 30. Kg2 g5 31. Ra7 Nb5 32. Ra8+
Kf7 33. Bb4 g4 34. Rxa6 Nd4 35. Rd6 Rxd6 36. Bxd6 1-0

[Event "Col Ch "]
[Site "Ibague "]
[Date "2013.07.01"]
[Round "1.50"]
[White "Cuevas Sanchez, Bramdon Daniel"]
[Black "Ardila, Oscar Humberto"]
[Result "1-0"]
[WhiteElo "1769"]
[BlackElo "2077"]
[PlyCount "60"]
[EventDate "2013.07.01"]
[EventType "swiss"]
[EventRounds "11"]
[EventCountry "COL"]
[SourceDate "2005.09.12"]

1. e4 e5 2. Nf3 Nf6 3. Nc3 Nc6 4. Bb5 Bb4 5. d3 d6 6. Be3 Bg4 7. h3 Bh5 8. g4
Bg6 9. Bd2 a6 10. Ba4 O-O 11. Qe2 b5 12. Bb3 Nd4 13. Nxd4 exd4 14. Nd5 Bxd2+
15. Qxd2 Re8 16. O-O-O c5 17. Nxf6+ Qxf6 18. Bd5 Qf3 19. Bxa8 Rxa8 20. Rhg1 d5
21. Rg3 Qf6 22. exd5 Qd6 23. Re1 Qxd5 24. Qe2 Rf8 25. Kb1 Qd8 26. g5 c4 27. h4
Qa5 28. Rh1 Qd8 29. h5 Bf5 30. Qe5 Qd7 1-0

[Event "Col Ch "]
[Site "Ibague "]
[Date "2013.07.01"]
[Round "1.52"]
[White "Ricciulli Vargas, Roberth Elie"]
[Black "Agudelo, Carlos Hernan"]
[Result "1/2-1/2"]
[WhiteElo "1762"]
[BlackElo "2065"]
[PlyCount "49"]
[EventDate "2013.07.01"]
[EventType "swiss"]
[EventRounds "11"]
[EventCountry "COL"]
[SourceDate "2005.09.12"]

1. e4 e6 2. d4 d5 3. Nd2 Nf6 4. e5 Ng8 5. Bd3 b6 6. Ne2 Ba6 7. Nf3 Qd7 8. O-O
c5 9. c3 Bxd3 10. Qxd3 c4 11. Qc2 Nc6 12. Nf4 Na5 13. Re1 O-O-O 14. Be3 Kb8 15.
Bd2 Rc8 16. b3 Be7 17. b4 Nb7 18. a4 a6 19. h3 Rf8 20. Nh2 h5 21. Bc1 Qd8 22.
g3 Qd7 23. Ba3 b5 24. axb5 Qxb5 25. Bc1 1/2-1/2

[Event "Col Ch "]
[Site "Ibague "]
[Date "2013.07.01"]
[Round "1.56"]
[White "Agudelo, Oscar Marino"]
[Black "Andrade Truyol, Geiner Jose"]
[Result "0-1"]
[WhiteElo "1739"]
[BlackElo "2045"]
[PlyCount "62"]
[EventDate "2013.07.01"]
[EventType "swiss"]
[EventRounds "11"]
[EventCountry "COL"]
[SourceDate "2005.09.12"]

1. Nc3 c5 2. e4 d6 3. Nf3 Nf6 4. d4 cxd4 5. Nxd4 g6 6. Be3 Bg7 7. f3 O-O 8. Qd2
Nc6 9. Bc4 Bd7 10. Bb3 Qb8 11. O-O-O Rc8 12. h4 b5 13. g4 a5 14. Ndxb5 a4 15.
Bd5 Nxd5 16. exd5 Nb4 17. Bd4 Nxa2+ 18. Nxa2 Qxb5 19. Bxg7 a3 20. b3 Qxb3 21.
Bc3 Qxa2 22. Qd4 Rxc3 23. Qxc3 Rc8 24. Qd3 Ba4 25. Kd2 Bxc2 26. Ra1 Qb2 27.
Qxa3 Qd4+ 28. Ke1 Bd3 29. Qa7 Rc1+ 30. Kd2 Rc2+ 31. Kd1 Qf4 0-1

[Event "Col Ch "]
[Site "Ibague "]
[Date "2013.07.01"]
[Round "1.58"]
[White "Sosa Florez, Luis Felipe"]
[Black "Conti, Julian"]
[Result "1/2-1/2"]
[WhiteElo "1738"]
[BlackElo "2034"]
[PlyCount "65"]
[EventDate "2013.07.01"]
[EventType "swiss"]
[EventRounds "11"]
[EventCountry "COL"]
[SourceDate "2005.09.12"]

1. d4 Nf6 2. Nf3 d5 3. c4 e6 4. Nc3 c6 5. e3 Nbd7 6. Bd3 dxc4 7. Bxc4 a6 8. a3
b5 9. Bb3 Bb7 10. O-O c5 11. dxc5 Nxc5 12. Bc2 Qc7 13. Qe2 Bd6 14. h3 Rc8 15.
e4 Bf4 16. Re1 O-O 17. Bxf4 Qxf4 18. Rad1 Rfd8 19. Nd4 Rd7 20. b4 Rcd8 21.
Ndxb5 axb5 22. bxc5 Rd2 23. Rxd2 Qxd2 24. Nxb5 Qa5 25. Nd6 Bc6 26. Qe3 Nd7 27.
Nc4 Qxc5 28. Qxc5 Nxc5 29. f3 Bb5 30. Ne3 Kf8 31. Rd1 Ra8 32. Rb1 Ra5 33. Kf2
1/2-1/2

[Event "Col Ch "]
[Site "Ibague "]
[Date "2013.07.01"]
[Round "1.59"]
[White "Rico, Oswaldo"]
[Black "Bravo, Juan Eduardo"]
[Result "1-0"]
[WhiteElo "2022"]
[BlackElo "1726"]
[PlyCount "59"]
[EventDate "2013.07.01"]
[EventType "swiss"]
[EventRounds "11"]
[EventCountry "COL"]
[SourceDate "2005.09.12"]

1. e4 c5 2. Nc3 Nc6 3. g3 d6 4. Bg2 Nf6 5. d3 e6 6. Nge2 Be7 7. O-O O-O 8. h3
a6 9. f4 Qc7 10. Kh2 Re8 11. Be3 b5 12. Qe1 Bb7 13. Qf2 Nb4 14. Rac1 d5 15. a3
d4 16. axb4 dxe3 17. Qxe3 cxb4 18. Nd1 Rac8 19. c4 bxc3 20. Ndxc3 Qd7 21. Rfd1
Bc5 22. d4 Bb6 23. Qd3 b4 24. Nb1 a5 25. Nd2 Rxc1 26. Rxc1 Rd8 27. Nc4 Qb5 28.
b3 h6 29. Qe3 Rc8 30. Nd6 1-0

[Event "Col Ch "]
[Site "Ibague "]
[Date "2013.07.01"]
[Round "1.60"]
[White "Ortiz, Jairo"]
[Black "Bejarano, Dany Andres"]
[Result "1/2-1/2"]
[WhiteElo "1725"]
[BlackElo "2020"]
[PlyCount "66"]
[EventDate "2013.07.01"]
[EventType "swiss"]
[EventRounds "11"]
[EventCountry "COL"]
[SourceDate "2005.09.12"]

1. d4 Nf6 2. Nf3 e6 3. e3 b6 4. Bd3 Bb7 5. c4 Be7 6. Nc3 d5 7. O-O O-O 8. b3
Nbd7 9. Bb2 Re8 10. Rc1 c5 11. cxd5 Nxd5 12. Nxd5 exd5 13. dxc5 bxc5 14. Qc2 h6
15. Bb5 a6 16. Bd3 Bf6 17. Rfd1 Bxb2 18. Qxb2 d4 19. exd4 Bxf3 20. gxf3 Qg5+
21. Kh1 Qf6 22. Bf1 Rad8 23. Qc3 cxd4 24. Rxd4 Ne5 25. Rxd8 Rxd8 26. Be2 Rd6
27. Qc8+ Kh7 28. Qc2+ g6 29. Rd1 Rc6 30. Qe4 Re6 31. Qd4 Nxf3 32. Qxf6 Rxf6 33.
Bxf3 Rxf3 1/2-1/2

[Event "Col Ch "]
[Site "Ibague "]
[Date "2013.07.01"]
[Round "1.61"]
[White "Barros, Raul"]
[Black "Figueroa Salcedo, Reinaldo Ar"]
[Result "1/2-1/2"]
[WhiteElo "2019"]
[BlackElo "1717"]
[PlyCount "28"]
[EventDate "2013.07.01"]
[EventType "swiss"]
[EventRounds "11"]
[EventCountry "COL"]
[SourceDate "2005.09.12"]

1. e4 c5 2. b3 Nc6 3. Nf3 e5 4. Nc3 a6 5. a4 Nf6 6. Bc4 Be7 7. O-O d6 8. h3
Nxe4 9. Bxf7+ Kxf7 10. Nxe4 Rf8 11. d3 h6 12. Nh2 d5 13. Ng3 Kg8 14. Qh5 Qe8
1/2-1/2